[Event "Budapest FS07 IM-B"]
[Site "Budapest"]
[Date "1993.??.??"]
[Round "4"]
[White "Eperjesi, Laszlo"]
[Black "Almasi, Istvan"]
[Result "0-1"]
[WhiteElo "2315"]
[BlackElo "2400"]

1.d4 Nf6 2.c4 g6 3.Nc3 d5 4.cxd5 Nxd5 5.e4 Nxc3 6.bxc3 Bg7 7.Be3 c5 8.Bb5+ Bd7
9.Bxd7+ Qxd7 10.Ne2 cxd4 11.cxd4 Nc6 12.O-O O-O 13.d5 Ne5 14.Rb1 Rfc8 15.h3 Rc4
16.Ng3 Qc7 17.Qb3 b6 18.Rbc1 Rc8 19.f4 Nd7 20.e5 Bh6 21.e6 fxe6 22.d6 exd6
23.Rxc4 Qxc4 24.Rc1 Qxc1+ 25.Bxc1 Rxc1+ 26.Kh2 Nc5 27.Qf3 d5 28.Ne2 Rc4 29.g4 Re4
30.Kg2 Nd7 31.h4 Bg7 32.h5 gxh5 33.g5 h4 34.Qd3 Nf8 35.Kh3 Ng6 36.f5 exf5
37.Qxd5+ Kh8 38.Qd8+ Bf8 39.Nd4 Re3+ 40.Kh2 Rd3 41.Qd7 Rd2+ 42.Kh3 Nf4+ 43.Kxh4 Ne2
44.Qxf5 Rxd4+ 45.Kh3 Nf4+ 46.Kg3 Ng6 47.Qf7 Rg4+ 48.Kh3 Ra4 49.Qf6+ Bg7 50.Qd8+ Nf8
51.Qd5 Ra5 52.Qf7 a6 53.Kg4 Rb5 54.Qc4 Ra5 55.a4 b5 56.axb5 Rxb5 57.Qa4 Rb6
58.Qa5 Rg6 59.Kh4 Re6 60.Kg4 Rc6 61.Qa4 Rd6 62.Qa5 Ng6 63.Qc7 Rd4+ 64.Kf5 Rd5+
65.Kg4 a5 66.Qb8+ Nf8 67.Qa8 Rd4+ 68.Kh5 Ra4 69.g6 hxg6+ 70.Kg5 Ra1 71.Qc8 Rg1+
72.Kf4 Rf1+ 73.Kg5 Rf5+ 74.Kg4 Kh7 75.Qc6 Re5 76.Qh1+ Kg8 77.Qa8 Bf6 78.Kf4 Rf5+
79.Kg4 Kf7 80.Qb7+ Be7 81.Qb3+ Ne6 82.Qa2 a4  0-1

[Event "Elekes mem"]
[Site "Budapest"]
[Date "1993.??.??"]
[Round "5"]
[White "Lukacs, Peter"]
[Black "Holzke, Frank"]
[Result "1/2-1/2"]
[WhiteElo "2480"]
[BlackElo "2380"]

1.d4 Nf6 2.c4 g6 3.Nc3 d5 4.cxd5 Nxd5 5.e4 Nxc3 6.bxc3 Bg7 7.Bc4 c5 8.Ne2 Nc6
9.Be3 O-O 10.O-O Qc7 11.Rc1 Rd8 12.Bf4 Qd7 13.d5 Na5 14.Bd3 b6 15.Bg5 f6
16.Bh4 c4 17.Bc2 e6 18.dxe6 Qxd1 19.Rcxd1 Bxe6 20.Nf4 Bf7 21.Nd5 Bxd5 22.exd5 Nb7
23.Ba4  1/2-1/2

[Event "Budapest FS07 IM-B"]
[Site "Budapest"]
[Date "1993.??.??"]
[Round "5"]
[White "Melzer, Christian"]
[Black "Werner, Patrick"]
[Result "0-1"]
[WhiteElo "2100"]
[BlackElo "2335"]

1.d4 Nf6 2.c4 g6 3.Nc3 d5 4.cxd5 Nxd5 5.e4 Nxc3 6.bxc3 Bg7 7.Be3 O-O 8.Bc4 c5
9.Ne2 cxd4 10.cxd4 Nc6 11.O-O Na5 12.Bd3 Bg4 13.f3 Be6 14.Qa4 a6 15.Rac1 b5
16.Qb4 Bxa2 17.Ra1 Bc4 18.Rfd1 Bxd3 19.Rxd3 Nc4 20.Bf2 Qd7 21.Nc3 Rfb8 22.Rb1 Ne5
23.Rd2 Nc6 24.Qb2 Nxd4 25.e5 Bxe5 26.Ne4 Ne2+ 27.Kf1 Qc7 28.Rc2 Bxb2 29.Rxc7 Be5
30.Rxe7 Nc3 31.Rxe5 Nxb1 32.Be3 a5 33.Bh6 Ra6 34.Re7 a4 35.Ng5 Rf6 36.Ne4 Re6
37.Rd7 Rxe4 38.fxe4 a3 39.e5 a2 40.Ra7 Nc3 41.e6 fxe6 42.Rg7+ Kh8 43.Ra7 b4
44.Bg7+ Kg8 45.Bxc3 bxc3  0-1

[Event "Spring op"]
[Site "Budapest"]
[Date "1993.??.??"]
[Round "6"]
[White "Kincs, Imre"]
[Black "Yandemirov, Valeri"]
[Result "0-1"]
[WhiteElo "2300"]
[BlackElo "2465"]

1.d4 Nf6 2.c4 g6 3.Nc3 d5 4.cxd5 Nxd5 5.e4 Nxc3 6.bxc3 Bg7 7.Bb5+ Nc6 8.Qf3 O-O
9.Ne2 Na5 10.h4 a6 11.Ba4 c5 12.h5 cxd4 13.cxd4 Bxd4 14.Rb1 Nc4 15.Bb3 Be6
16.Nxd4 Qxd4 17.O-O b5 18.Qe2 Rfd8 19.hxg6 hxg6 20.Bg5 Qc5 21.Bf4 Rd7 22.Rbc1 Rad8
23.Rc3 Qd4 24.Rg3 Qf6 25.Bc1 Nd2 26.Re1 Bc4 27.Qg4 Nxb3 28.axb3 Be6 29.Qe2 Qd4
30.Bf4 Qb4 31.Rb1 a5 32.Be5 Kf8 33.Bc3 Qc5 34.Bxa5 Ra8 35.Bc3 b4 36.Bd2 Kg8
37.Rc1 Qd4 38.Bg5 Ra1 39.Rxa1 Qxa1+ 40.Kh2 Rd1 41.Rd3 Rh1+ 42.Kg3 f6 43.Bd2 Qg1
44.Rd8+ Kf7 45.Kf4 Qxg2 46.Ke3 Qg5+ 47.Kd4 Qe5+ 48.Ke3 Qg5+ 49.Kd4 Qa5 50.Rd5 Qb6+
51.Kd3 Bxd5 52.exd5 Qb5+  0-1

[Event "Elekes mem"]
[Site "Budapest"]
[Date "1993.??.??"]
[Round "7"]
[White "Dao Thien Hai"]
[Black "Holzke, Frank"]
[Result "1/2-1/2"]
[WhiteElo "2560"]
[BlackElo "2380"]

1.d4 Nf6 2.c4 g6 3.Nc3 d5 4.cxd5 Nxd5 5.e4 Nxc3 6.bxc3 Bg7 7.Bb5+ Bd7 8.Be2 c5
9.Nf3 cxd4 10.cxd4 Bc6 11.Qd3 f5 12.exf5 Qa5+ 13.Bd2 Qxf5 14.Qe3 O-O 15.O-O Nd7
16.Bd3 Qd5 17.Rfc1 Kh8 18.Bc4 Qh5 19.Be2 Qd5 20.Rab1 e5 21.Bc3 Rae8 22.dxe5 Nxe5
23.Rd1 Nxf3+ 24.Bxf3 Rxe3 25.Bxg7+ Kxg7 26.Bxd5 Re2 27.f3 Bxd5 28.Rxd5 b6
29.Rd7+ Rf7 30.Rxf7+ Kxf7 31.a4 Ra2 32.Rb4 Ke6 33.h4 Kd5 34.Rg4 a5 35.h5 gxh5
36.Rh4 Ke6 37.Rxh5 Rxa4 38.Rh6+  1/2-1/2

[Event "Statistika"]
[Site "Budapest"]
[Date "1993.??.??"]
[Round "7"]
[White "Gaertner, Guntram"]
[Black "Habibi, Ali"]
[Result "1-0"]
[WhiteElo "2290"]
[BlackElo "2305"]

1.d4 Nf6 2.c4 g6 3.Nc3 d5 4.cxd5 Nxd5 5.e4 Nxc3 6.bxc3 Bg7 7.Bc4 c5 8.Ne2 O-O
9.O-O Qc7 10.Bf4 Qa5 11.Rc1 Nc6 12.Be3 e6 13.f4 b5 14.Bd3 c4 15.Bb1 f5 16.d5 Rd8
17.d6 Qa3 18.e5 Bd7 19.Qd2 Rdc8 20.Rfd1 Nd8 21.Nd4 a5 22.Qe1 b4 23.Nc2 Qxc3
24.Qxc3 bxc3 25.Na3 g5 26.g3 gxf4 27.gxf4 Ba4 28.Rd4 Nf7 29.Rxc4 Bd7 30.Bc2  1-0

[Event "Budapest FS03 IM"]
[Site "Budapest"]
[Date "1993.??.??"]
[Round "7"]
[White "Andresen, Steffen"]
[Black "Rade, Miroslav"]
[Result "0-1"]
[WhiteElo "2350"]
[BlackElo "2255"]

1.d4 Nf6 2.c4 g6 3.Nc3 d5 4.cxd5 Nxd5 5.e4 Nxc3 6.bxc3 Bg7 7.Nf3 c5 8.Rb1 O-O
9.Be2 cxd4 10.cxd4 Qa5+ 11.Bd2 Qxa2 12.O-O Bg4 13.Rxb7 Bxf3 14.Bxf3 Bxd4
15.e5 Na6 16.Bg5 Rad8 17.Qc1 Nc5 18.Bxe7 Nxb7 19.Bxb7 Bxe5 20.Bxf8 Rxf8 21.Qc5 Bf6
22.Bd5 Qd2 23.Bc4 Bd4 24.Qd5 Qf4 25.g3 Qf6 26.Kh1 Rc8 27.Bb3 Kg7 28.f3 Rc5
29.Qe4 Rc3 30.Qd5 Rd3 31.Bc4 Rd2 32.Rb1 Be3 33.Qe4 Bb6 34.Re1 Rd4 35.Qe2  0-1

[Event "Budapest FS07 IM-A"]
[Site "Budapest"]
[Date "1993.??.??"]
[Round "7"]
[White "Kahn, Evarth"]
[Black "Navarovszky, Laszlo"]
[Result "1-0"]
[WhiteElo "2390"]
[BlackElo "2320"]

1.d4 Nf6 2.c4 g6 3.Nc3 d5 4.cxd5 Nxd5 5.e4 Nxc3 6.bxc3 Bg7 7.Bc4 O-O 8.Ne2 Nc6
9.h4 Na5 10.Bd3 c5 11.e5 cxd4 12.cxd4 Be6 13.h5 Qd7 14.hxg6 fxg6 15.Be3 Rad8
16.Qd2 Nc4 17.Bxc4 Bxc4 18.Qb4 b5 19.Qb2 Qg4 20.Rh2 Bxe2 21.Qxe2 Rxd4 22.Bxd4 Qxd4
23.Rd1 Qxe5 24.Rh3 Qc5 25.Rhd3 Bc3+ 26.Kf1 e5 27.Rd5 Qc4 28.Rxb5 Qh4 29.Kg1 Bd4
30.Rf1 Rc8 31.Rb3 Rc3 32.Rxc3 Bxc3 33.Rb1  1-0

[Event "Budapest FS11 IM-A"]
[Site "Budapest"]
[Date "1993.??.??"]
[Round "8"]
[White "Szabolcsi, Janos"]
[Black "Krutti, Valer"]
[Result "0-1"]
[WhiteElo "2385"]
[BlackElo "2350"]

1.d4 Nf6 2.c4 g6 3.Nc3 d5 4.cxd5 Nxd5 5.e4 Nxc3 6.bxc3 Bg7 7.Bb5+ c6 8.Ba4 b5
9.Bb3 b4 10.Qf3 O-O 11.Ne2 bxc3 12.h4 h5 13.Qxc3 Bb7 14.Rb1 c5 15.Bxf7+ Rxf7
16.Rxb7 cxd4 17.Qc4 Nd7 18.Qd5 Ne5 19.O-O Qxd5 20.exd5 Nd3 21.Ba3 Rd8 22.d6 e5
23.Rxf7 Kxf7 24.Rb1 Ke6 25.Ng3 Nf4 26.Ne4 Ne2+ 27.Kf1 Nc3 28.Ng5+ Kd5 29.Rb7 Bh6
30.Nf7 d3 31.Rb2 Bc1 32.Bb4 Bxb2 33.Bxc3 Rb8 34.d7 Bxc3 35.d8=Q+ Rxd8 36.Nxd8 e4
37.Nf7 Bf6  0-1

[Event "Spring op"]
[Site "Budapest"]
[Date "1993.??.??"]
[Round "9"]
[White "Gyimesi, Zoltan"]
[Black "Gyorkos, Lajos"]
[Result "0-1"]
[WhiteElo "2395"]
[BlackElo "2435"]

1.d4 Nf6 2.c4 g6 3.Nc3 d5 4.cxd5 Nxd5 5.e4 Nxc3 6.bxc3 Bg7 7.Bb5+ c6 8.Ba4 O-O
9.Ne2 e5 10.O-O Qe7 11.Qc2 Re8 12.Re1 exd4 13.Nxd4 b5 14.Bb3 a6 15.a4 c5
16.Bd5 Bb7 17.Bxb7 Qxb7 18.Nf3 b4 19.Rb1 a5 20.e5 Nd7 21.Bf4 Nb6 22.Rbd1 Rad8
23.Rxd8 Rxd8 24.cxb4 cxb4 25.Ng5 Rc8 26.Qd3 Nd5 27.Qe4 h6 28.Nf3 Qc6 29.Bd2 Qc4
30.Nd4 Re8 31.Rc1 Qa2 32.Nf3 Bxe5 33.g3 Nf6 34.Qh4 Bb2 35.Rc7 Qd5 36.Kg2 h5
37.Bg5 Ng4 38.Be7 Be5 39.Rc5 Qa2 40.Rxe5 Qxf2+  0-1

[Event "Budapest zt-A"]
[Site "Budapest"]
[Date "1993.??.??"]
[Round "9"]
[White "Ftacnik, Lubomir"]
[Black "Adorjan, Andras"]
[Result "1/2-1/2"]
[WhiteElo "2535"]
[BlackElo "2545"]

1.d4 Nf6 2.c4 g6 3.Nc3 d5 4.cxd5 Nxd5 5.e4 Nxc3 6.bxc3 Bg7 7.Bb5+ c6 8.Ba4 b5
9.Bb3 b4 10.Qf3 O-O 11.Ne2 bxc3 12.Qxc3 Bb7 13.Bg5 Na6 14.e5 c5 15.d5 Nb4
16.Rd1 Qc7 17.f4 Rad8 18.d6 Rxd6 19.Rxd6 exd6 20.a3 Nd5 21.Qd3 c4 22.Bxc4 dxe5
23.Bxd5 Qa5+ 24.Kf2 Bxd5 25.fxe5 f6 26.Bd2 fxe5+ 27.Ke1 Qc5 28.Be3 Qc6 29.Bxa7 Bxg2
30.Rg1 Bf3 31.Rf1 Rf7 32.Be3 Bf8 33.Qb3 Bd5 34.Qb8 Rxf1+ 35.Kxf1 Bc4 36.Qxe5 Qf3+
37.Bf2 Bxa3 38.Qe3 Qh5 39.Bg3 Qf5+ 40.Bf2 Qg4 41.Qe8+ Bf8 42.Ke1 Qf5 43.Bd4 Qg4
44.Qe5 Qe6 45.Qxe6+ Bxe6 46.Be5 Be7 47.Kf2 Kf7 48.Kg3 Bb4 49.Nd4 Bd7 50.Kf4 Bd2+
51.Kg3 Bc8 52.Nf3 Be3 53.Bf4 Bb6 54.Ng5+ Kg8 55.Ne4 Bd4 56.Bd2 Bb7 57.Bc3 Bb6
58.Nf6+ Kf7 59.Nxh7 Bc7+ 60.Kh3 Ke6  1/2-1/2

[Event "Budapest FS04 GM"]
[Site "Budapest"]
[Date "1993.??.??"]
[Round "9"]
[White "Lukacs, Peter"]
[Black "Fogarasi, Tibor"]
[Result "1/2-1/2"]
[WhiteElo "2480"]
[BlackElo "2395"]

1.d4 Nf6 2.c4 g6 3.Nc3 d5 4.cxd5 Nxd5 5.e4 Nxc3 6.bxc3 Bg7 7.Bc4 c5 8.Ne2 Nc6
9.Be3 O-O 10.Rc1 e6 11.O-O Qa5 12.f4 b5 13.Bb3 c4 14.Bc2 f5 15.d5 Rd8 16.d6 Bb7
17.e5 Nxe5 18.fxe5 Bxe5 19.Bd4 Bxd6 20.Qd2 Qc7 21.Qg5 Bxh2+ 22.Kh1 Be5 23.Qe3 Qc6
24.Rf2 Bc7 25.Bf6 Rf8 26.Nd4 Qd5 27.Bxf5 Rxf6 28.Bxe6+ Rxe6 29.Qxe6+ Qxe6
30.Nxe6 Bg3  1/2-1/2

[Event "Budapest FS03 IM"]
[Site "Budapest"]
[Date "1993.??.??"]
[Round "10"]
[White "Schebler, Gerhard"]
[Black "Biliskov, Vjekoslav"]
[Result "0-1"]
[WhiteElo "2365"]
[BlackElo "2305"]

1.d4 Nf6 2.c4 g6 3.Nc3 d5 4.cxd5 Nxd5 5.e4 Nxc3 6.bxc3 Bg7 7.Nf3 c5 8.Rb1 O-O
9.Be2 cxd4 10.cxd4 Qa5+ 11.Bd2 Qxa2 12.O-O Bd7 13.Bg5 Ba4 14.Qe1 Bc2 15.Rxb7 Bxe4
16.Bc4 Qc2 17.Rc7 e6 18.Ne5 Na6 19.Bxa6 Qxc7 20.Qxe4 f6 21.Rc1 Qd6 22.Rc6 Qd5
23.Qxd5 exd5 24.Nd7 fxg5 25.Nxf8 Rxf8 26.Rc8 Rxc8 27.Bxc8 Kf7 28.Kf1 Bxd4
29.Ba6 Ke6 30.Ke2 Kd6 31.f3 Kc6 32.Kd3 Be5 33.g3 Kb6 34.Bc8 a5 35.Bd7 Kc5
36.Be8 Ba1 37.Bd7 Bf6 38.Be8 Kb4 39.Bc6 d4 40.Bd5 a4 41.Kc2 Be5 42.Bf7 Ka3
43.Bc4 Bxg3 44.hxg3 h5 45.Kd3 h4 46.gxh4 gxh4 47.Be6 Kb2 48.Kxd4 a3 49.Ke3 g5
50.Kf2 a2 51.Bxa2 Kxa2 52.Kg2 Kb2  0-1

[Event "Budapest zt-B"]
[Site "Budapest"]
[Date "1993.??.??"]
[Round "11"]
[White "Marin, Mihail"]
[Black "Stohl, Igor"]
[Result "1/2-1/2"]
[WhiteElo "2515"]
[BlackElo "2540"]

1.d4 Nf6 2.c4 g6 3.Nc3 d5 4.cxd5 Nxd5 5.e4 Nxc3 6.bxc3 Bg7 7.Bc4 O-O 8.Ne2 c5
9.Be3 Nc6 10.Rc1 cxd4 11.cxd4 Qa5+ 12.Kf1 Bd7 13.h4 Rfc8 14.h5 Nd8 15.f3 Ba4
16.Bb3 Bxb3 17.Qxb3 Qa6 18.Kf2 Nc6 19.h6 Bf8 20.a4 e6 21.Qb5 Nb4 22.Rxc8 Rxc8
23.Bd2 Qxb5 24.axb5 Nc2 25.Rc1 Rc4 26.g4 f6 27.g5 fxg5 28.Bxg5 Na3 29.Rxc4 Nxc4
30.Nf4 Kf7 31.Ke2 Na3 32.b6 axb6 33.d5 exd5 34.e5 Nb5 35.Nxd5 Nd4+ 36.Kf2 Ke6
37.Nf6 Nf5 38.Nxh7 Bxh6 39.Bxh6 Nxh6 40.Nf8+ Kf5 41.e6 Ng8 42.Ke3 g5 43.Kd4 Kf4
44.Nh7 Kxf3  1/2-1/2

[Event "Budapest FS03 GM"]
[Site "Budapest"]
[Date "1993.??.??"]
[Round "11"]
[White "Lukacs, Peter"]
[Black "Sale, Srdjan"]
[Result "0-1"]
[WhiteElo "2480"]
[BlackElo "2350"]

1.d4 Nf6 2.c4 g6 3.Nc3 d5 4.cxd5 Nxd5 5.e4 Nxc3 6.bxc3 Bg7 7.Bc4 c5 8.Ne2 O-O
9.Be3 Nc6 10.Rb1 cxd4 11.cxd4 b6 12.Qd2 Bb7 13.O-O Rc8 14.Rfc1 e6 15.Bb5 Qd6
16.f3 Rfd8 17.Rd1 Qa3 18.h4 a6 19.Bxc6 Rxc6 20.Rb3 Qa4 21.Rdb1 b5 22.h5 Rdc8
23.R1b2 Bf8 24.Bh6 Be7 25.Qf4 Qa5 26.Bg5 Qe1+ 27.Kh2 Bd6 28.e5 Bf8 29.hxg6 hxg6
30.Bh4 Qa5 31.Bf6 Rc2 32.Qg4 Qd2 33.Rxc2 Qxc2 34.Nf4 Qf5 35.Qxf5 gxf5 36.g4 Rc2+
37.Kg3 fxg4 38.fxg4 b4 39.g5 a5 40.Kg4 Be4 41.g6 Rxa2  0-1

[Event "Budapest FS12 IM-A"]
[Site "Budapest"]
[Date "1993.??.??"]
[Round "11"]
[White "Zimmerman, Yuri"]
[Black "Keschitz, Gyorgy"]
[Result "1/2-1/2"]
[WhiteElo "2325"]
[BlackElo "2275"]

1.d4 Nf6 2.c4 g6 3.Nc3 d5 4.cxd5 Nxd5 5.e4 Nxc3 6.bxc3 Bg7 7.Nf3 O-O 8.Rb1 c5
9.Be2 cxd4 10.cxd4 Qa5+ 11.Qd2 Qxd2+ 12.Bxd2 e6 13.O-O b6 14.Bb4 Rd8 15.Rbc1 Ba6
16.Be7 Re8 17.Bxa6 Nxa6 18.Bd6 Rac8 19.g4 Bf8 20.Bxf8 Kxf8 21.a3 Red8 22.Rfd1 h6
23.Kf1 Nc7 24.a4 Ne8 25.e5 Ke7 26.Ke2 Nc7 27.Rc4 Nd5 28.Rdc1 Rxc4 29.Rxc4 Rb8
30.Nd2 a6 31.Rc6 Kd7 32.Rd6+ Kc7 33.Ne4 Ra8 34.Kd3 Ne7 35.Nf6 Rd8 36.Rxd8 Kxd8
37.Kc4 g5 38.f3 Ng6 39.Ne4 Nh4 40.Nd2 Kc7 41.d5 exd5+ 42.Kxd5 Kd7 43.Ke4 b5
44.axb5 axb5 45.Nb3 Kc6 46.f4 gxf4 47.Kxf4 Kd5 48.g5 h5 49.g6 fxg6 50.Kg5 Nf3+
51.Kxg6 h4 52.Kh5 Kxe5 53.Kg4 Nxh2+ 54.Kxh4 Kf4 55.Kh3 Nf3 56.Kg2 Ke3 57.Na5 b4
58.Nc6  1/2-1/2

[Event "Budapest FS06 GM"]
[Site "Budapest"]
[Date "1993.??.??"]
[Round "13"]
[White "Dao Thien Hai"]
[Black "Almasi, Istvan"]
[Result "1/2-1/2"]
[WhiteElo "2560"]
[BlackElo "2385"]

1.d4 Nf6 2.c4 g6 3.Nc3 d5 4.cxd5 Nxd5 5.e4 Nxc3 6.bxc3 Bg7 7.Bb5+ c6 8.Ba4 b5
9.Bb3 b4 10.Be3 bxc3 11.Ne2 Ba6 12.Rc1 Nd7 13.f4 O-O 14.Nxc3 c5 15.e5 cxd4
16.Qxd4 Rc8 17.Kf2 Nc5 18.Qxd8 Rfxd8 19.Bxc5 Rxc5 20.Ne4 Rxc1 21.Rxc1 Rd4
22.Ke3 Rd3+ 23.Kf2 Rd4  1/2-1/2

[Event "Buenos Aires Najdorf op"]
[Site "Buenos Aires"]
[Date "1993.??.??"]
[Round "3"]
[White "Llanos, Guillermo"]
[Black "Saldano, Horacio"]
[Result "1-0"]
[WhiteElo "2340"]
[BlackElo "2295"]

1.d4 Nf6 2.c4 g6 3.Nc3 d5 4.cxd5 Nxd5 5.e4 Nxc3 6.bxc3 Bg7 7.Nf3 c5 8.Rb1 O-O
9.Be2 cxd4 10.cxd4 Qa5+ 11.Qd2 Qxd2+ 12.Bxd2 b6 13.Rc1 Na6 14.Rxc8 Raxc8
15.Bxa6 Rc2 16.Ke2 Rxa2 17.Bc4 Rb2 18.Kd3 Rc8 19.Kc3 Rxd2 20.Nxd2 b5 21.Rb1 bxc4
22.Rb7 Rd8 23.e5 e6 24.Rxa7 Bf8 25.Nxc4 Rc8 26.Rb7 Rd8 27.h4 h6 28.g3 Rc8
29.Kd3 Rd8 30.Rc7 Bb4 31.Ke3 Bf8 32.Nd2 Ra8 33.Ne4 Ra3+ 34.Ke2 Ra4 35.Rd7 Kg7
36.Kf3 Ra3+ 37.Kg2 Ra5 38.Nf6 Ra8 39.g4 Ra5 40.g5 h5 41.d5 Ra6 42.d6 Ra4
43.Rd8  1-0

[Event "Buenos Aires FMD op"]
[Site "Buenos Aires"]
[Date "1993.??.??"]
[Round "5"]
[White "Del Rey, Diego"]
[Black "Saldano, Horacio"]
[Result "1/2-1/2"]
[WhiteElo "2400"]
[BlackElo "2300"]

1.d4 Nf6 2.c4 g6 3.Nc3 d5 4.cxd5 Nxd5 5.e4 Nxc3 6.bxc3 Bg7 7.Bc4 c5 8.Ne2 O-O
9.Be3 Nc6 10.Rc1 e6 11.O-O Na5 12.Bd3 cxd4 13.cxd4 b6 14.Qa4 Bb7 15.Bd2 Re8
16.Bb5 Re7 17.Bb4 Rc7 18.Rxc7 Qxc7 19.Rc1 Qd8 20.Bxa5 bxa5 21.Bc6 Rb8 22.Bxb7 Rxb7
23.e5 Rb2 24.Qc4 h6 25.h3 Qg5 26.Rc2 Rb1+ 27.Kh2 Qh4 28.Ng3 Qf4 29.Qd3 Rb4  1/2-1/2

[Event "Buenos Aires GEB op"]
[Site "Buenos Aires"]
[Date "1993.??.??"]
[Round "9"]
[White "Quiroga, Facundo"]
[Black "Sevillano, Daniel"]
[Result "1/2-1/2"]
[WhiteElo "2265"]
[BlackElo "2265"]

1.d4 Nf6 2.c4 g6 3.Nc3 d5 4.cxd5 Nxd5 5.e4 Nxc3 6.bxc3 Bg7 7.Nf3 O-O 8.h3 b6
9.Be3 Bb7 10.Bd3 c5 11.O-O cxd4 12.cxd4 Nc6 13.d5 Nb4 14.Rb1 Nxd3 15.Qxd3 Qd7
16.Rfd1 e6 17.Bd4 Bxd4 18.Nxd4 exd5 19.e5 Rac8 20.f4 Rc4 21.f5 Re8 22.fxg6 fxg6
23.Qe3 Qg7 24.Re1 Rc7 25.Nb5 Rd7 26.e6 Rde7 27.Nd6 Rd8 28.Qa3 Bc8 29.Nxc8 Rxc8
30.Qd6 Qd4+ 31.Kh1 Qc5 32.Qf4 Rf8 33.Qg3  1/2-1/2

[Event "Calcutta op"]
[Site "Calcutta"]
[Date "1993.??.??"]
[Round "3"]
[White "Ganesan, Sankar"]
[Black "Roy Chowdhury, Saptarshi"]
[Result "1-0"]
[WhiteElo "2340"]
[BlackElo "2325"]

1.d4 Nf6 2.c4 g6 3.Nc3 d5 4.cxd5 Nxd5 5.e4 Nxc3 6.bxc3 Bg7 7.Bc4 c5 8.Ne2 O-O
9.O-O cxd4 10.cxd4 Nc6 11.Be3 b6 12.Rc1 Bb7 13.d5 Na5 14.Bd3 Qd7 15.Nd4 Rac8
16.Qd2 Qa4 17.Bb5 Qa3 18.Nc6 Bxc6 19.Bxc6 Nxc6 20.Rxc6 Rfd8 21.Qc2 Rxc6 22.dxc6 Be5
23.Bh6 Qd6 24.g3 Bd4 25.Rd1 e5 26.Be3 Rc8 27.Rc1 Bxe3 28.fxe3 Rc7 29.Qc3 Kf8
30.Rc2 Ke7 31.Qc4 h5 32.Kg2 Qe6 33.Qb4+ Ke8 34.Qc3 h4 35.h3 hxg3 36.Kxg3 f6
37.h4 f5 38.Qc4 Ke7 39.exf5 gxf5 40.Qxe6+ Kxe6 41.h5 Kf6 42.Kh4 b5 43.Rg2 f4
44.e4 Kf7 45.Rg6 a6 46.Rd6 Ke8 47.Rh6 f3 48.Kg3 Rg7+ 49.Rg6 Rc7 50.Rh6 Rg7+
51.Kxf3  1-0

[Event "Cannes op"]
[Site "Cannes"]
[Date "1993.??.??"]
[Round "2"]
[White "Mollov, Elin"]
[Black "Horvath, Jozsef"]
[Result "0-1"]
[WhiteElo "2400"]
[BlackElo "2535"]

1.d4 Nf6 2.c4 g6 3.Nc3 d5 4.cxd5 Nxd5 5.e4 Nxc3 6.bxc3 Bg7 7.Be3 c5 8.Qd2 Qa5
9.Nf3 Nc6 10.Rb1 a6 11.Rc1 cxd4 12.cxd4 Qxd2+ 13.Kxd2 e6 14.Be2 O-O 15.Rhd1 Bd7
16.a3 Rfc8 17.Rc3 Na7 18.Rxc8+ Rxc8 19.Rb1 Nb5 20.Bd3 Bc6 21.a4 Nd6 22.Ng5 h6
23.e5 hxg5 24.exd6 Rd8 25.Rb6 Rxd6 26.Kc3 Bf6 27.f3 e5 28.dxe5 Bxe5+ 29.Kc4 Bxh2
30.Be4 Bxe4 31.Rxd6 Bxd6 32.fxe4 Bf4 33.Bd4 Kf8 34.Bf6 Ke8 35.g4 Kd7 36.Kd5 Bd2
37.Bd4 b5 38.axb5 axb5 39.Bc5 b4 40.Kc4 Ke6 41.Bd4 f5 42.Kd3 Bc3 43.Bxc3 fxe4+  0-1

[Event "Capablanca mem-A"]
[Site "?"]
[Date "1993.??.??"]
[Round "12"]
[White "Vera, Reynaldo"]
[Black "Henao, Raul Fernando"]
[Result "1-0"]
[WhiteElo "2515"]
[BlackElo "2405"]

1.d4 Nf6 2.c4 g6 3.Nc3 d5 4.cxd5 Nxd5 5.e4 Nxc3 6.bxc3 Bg7 7.Nf3 c5 8.Rb1 O-O
9.Be2 cxd4 10.cxd4 Qa5+ 11.Bd2 Qxa2 12.O-O Bg4 13.Be3 b6 14.Ra1 Qb2 15.h3 Bxf3
16.Bxf3 e5 17.d5 Nd7 18.Be2 Qb4 19.Qb1 Qd6 20.Rc1 Nc5 21.Bxc5 bxc5 22.Ra6 Qb8
23.Qa2 Qb4 24.Bc4 Rab8 25.Rxa7 f5 26.Qe2 fxe4 27.Qxe4 Qb2 28.Rc2 Qb6 29.d6+ Kh8
30.Rxg7 Qb1+ 31.Kh2 Kxg7 32.Qxe5+ Kh6 33.Qe3+ Kg7 34.Qe7+ Kh6 35.Qh4+ Kg7
36.Qe7+ Kh6 37.Qh4+ Kg7 38.Re2 h5 39.Re7+ Kh8 40.Qg5  1-0

[Event "Capablanca mem-B"]
[Site "?"]
[Date "1993.??.??"]
[Round "9"]
[White "Toth, Christian Endre"]
[Black "Sanchez Almeyra, Jorge"]
[Result "0-1"]
[WhiteElo "2420"]
[BlackElo "2415"]

1.d4 Nf6 2.c4 g6 3.Nc3 d5 4.cxd5 Nxd5 5.e4 Nxc3 6.bxc3 Bg7 7.Bb5+ c6 8.Ba4 O-O
9.Ne2 e5 10.O-O Qe7 11.Bc2 Rd8 12.a4 Be6 13.Ba3 Qe8 14.Rb1 b6 15.h3 Na6 16.Bd3 Nc7
17.Qc2 Bc8 18.f4 exd4 19.Nxd4 c5 20.Nb5 Nxb5 21.axb5 a5 22.Rbe1 Ra7 23.Bc4 Be6
24.Bd5 Bxd5 25.exd5 Re7 26.Rxe7 Qxe7 27.Qd3 Qf6 28.Rf3 Qf5 29.Qxf5 gxf5 30.c4 Bd4+
31.Kf1 Re8 32.d6 Rd8 33.Rg3+ Kf8 34.Rg5 Rxd6 35.Rxf5 Bc3 36.Rd5 Rxd5 37.cxd5 Ke7
38.Ke2 Kd6 39.Kd3 Bb4 40.Bxb4 cxb4 41.Kc4 b3  0-1

[Event "Cappelle op"]
[Site "Cappelle la Grande"]
[Date "1993.??.??"]
[Round "3"]
[White "Shneider, Aleksandr"]
[Black "Rytshagov, Mikhail"]
[Result "1/2-1/2"]
[WhiteElo "2540"]
[BlackElo "2435"]

1.d4 Nf6 2.c4 g6 3.Nc3 d5 4.cxd5 Nxd5 5.e4 Nxc3 6.bxc3 Bg7 7.Bb5+ c6 8.Ba4 b5
9.Bb3 b4 10.Qf3 O-O 11.Ne2 bxc3 12.Qxc3 Bb7 13.Bg5 Na6 14.O-O c5 15.Rad1 cxd4
16.Nxd4 Qd6 17.Qe3 Qc5 18.f4 Rad8 19.e5 Bd5 20.Rc1 Qb6 21.Bxe7 Bxb3 22.Bxd8 Rxd8
23.axb3 Rxd4 24.Rc8+ Bf8 25.f5 Rf4 26.Qxb6 Rxf1+ 27.Kxf1 axb6  1/2-1/2

[Event "Cappelle op"]
[Site "Cappelle la Grande"]
[Date "1993.??.??"]
[Round "5"]
[White "Timoshchenko, Gennadi A"]
[Black "Rytshagov, Mikhail"]
[Result "1/2-1/2"]
[WhiteElo "2525"]
[BlackElo "2435"]

1.d4 Nf6 2.c4 g6 3.Nc3 d5 4.cxd5 Nxd5 5.e4 Nxc3 6.bxc3 Bg7 7.Bc4 c5 8.Ne2 Nc6
9.Be3 O-O 10.O-O Bd7 11.Rb1 Rc8 12.Bd3 Qc7 13.Bf4 e5 14.Bg3 cxd4 15.cxd4 Bh6
16.Nc3 Nb4 17.Rb3 Bg7 18.Be2 Qa5 19.dxe5 Be6 20.Nd5 Nxd5 21.exd5 Qxd5 22.Qxd5 Bxd5
23.Rb5 Bc6 24.Rb2 Rfe8 25.f4 Be4  1/2-1/2

[Event "Cappelle op"]
[Site "Cappelle la Grande"]
[Date "1993.??.??"]
[Round "6"]
[White "Klarenbeek, Hans"]
[Black "Zadrima, Aldo"]
[Result "1/2-1/2"]
[WhiteElo "2415"]
[BlackElo "2255"]

1.d4 Nf6 2.c4 g6 3.Nc3 d5 4.cxd5 Nxd5 5.e4 Nxc3 6.bxc3 Bg7 7.Bb5+ c6 8.Ba4 O-O
9.Ne2 b5 10.Bb3 Nd7 11.O-O c5 12.Be3 cxd4 13.Nxd4 Bb7 14.f3 a6 15.Ne6 fxe6
16.Bxe6+ Kh8 17.Bxd7 Qc7 18.Bh3 Qxc3 19.Qe2 Bc8 20.Rac1 Qf6 21.Bxc8 Raxc8
22.f4 Qb2 23.Qxb2 Bxb2 24.Rcd1 Rfd8 25.Kf2 Kg8 26.Kf3 Kf7 27.g4 Rxd1 28.Rxd1 Rc3
29.e5 Ra3 30.Ke4 Rxa2 31.Bc5 Ra4+ 32.Kd5 Rxf4 33.e6+ Ke8 34.Rd2 Bf6 35.h3 h5
36.Be3 Rf3 37.Rc2 Kf8 38.Bh6+ Kg8 39.Rc8+ Kh7 40.g5 Rf5+ 41.Kc6 Bxg5 42.Bxg5 Rxg5
43.Kd7 b4 44.Kxe7 b3 45.Kd6 b2 46.e7 b1=Q 47.Rh8+  1/2-1/2

[Event "Cappelle op"]
[Site "Cappelle la Grande"]
[Date "1993.??.??"]
[Round "7"]
[White "Timoshchenko, Gennadi A"]
[Black "Urban, Klaudiusz"]
[Result "1/2-1/2"]
[WhiteElo "2525"]
[BlackElo "2450"]

1.d4 Nf6 2.c4 g6 3.Nc3 d5 4.cxd5 Nxd5 5.e4 Nxc3 6.bxc3 Bg7 7.Bc4 c5 8.Ne2 O-O
9.O-O Nc6 10.Be3 Bg4 11.f3 Na5 12.Bxf7+ Rxf7 13.fxg4 Rxf1+ 14.Kxf1 cxd4 15.cxd4 e5
16.Rc1 b5 17.dxe5 Nc4 18.Qxd8+ Rxd8 19.Bxa7 Bxe5 20.Ke1 Ra8 21.Bd4 Bxd4 22.Nxd4 Rxa2
23.Nxb5 Ne3 24.Rc8+ Kg7 25.h3 Nxg2+ 26.Kf1 Ne3+ 27.Ke1 Ng2+ 28.Kd1 Ne3+ 29.Kc1 Rh2
30.e5 Rxh3 31.e6 Nxg4 32.e7  1/2-1/2

[Event "Cattolica"]
[Site "Cattolica"]
[Date "1993.??.??"]
[Round "3"]
[White "Naumkin, Igor"]
[Black "Kyas, Juergen"]
[Result "1/2-1/2"]
[WhiteElo "2450"]
[BlackElo "2265"]

1.d4 Nf6 2.c4 g6 3.Nc3 d5 4.cxd5 Nxd5 5.e4 Nxc3 6.bxc3 Bg7 7.Bc4 c5 8.Ne2 Nc6
9.Be3 O-O 10.O-O Bg4 11.f3 Bd7 12.Qd2 Qa5 13.d5 Ne5 14.Bb3 c4 15.Bc2 Rac8
16.Bd4 Nd3 17.Rfb1 Bxd4+ 18.Nxd4 b6 19.Bxd3 cxd3 20.Rb3 e5 21.dxe6 fxe6 22.f4 Qc5
23.Qxd3 Rxf4  1/2-1/2

[Event "Ceske Budejovice op"]
[Site "Ceske Budejovice"]
[Date "1993.??.??"]
[Round "2"]
[White "Pastor, Karel Jr"]
[Black "Banas, Jan"]
[Result "1-0"]
[WhiteElo "2180"]
[BlackElo "2380"]

1.d4 Nf6 2.c4 g6 3.Nc3 d5 4.cxd5 Nxd5 5.e4 Nxc3 6.bxc3 Bg7 7.Be3 c5 8.Qd2 O-O
9.Nf3 cxd4 10.cxd4 b6 11.Bh6 e6 12.h4 Bb7 13.Bxg7 Kxg7 14.Qe3 h6 15.Be2 Nc6
16.O-O Rc8 17.Rac1 Qe7 18.Rfd1 Rfd8 19.Bb5 Na5 20.Rxc8 Rxc8 21.d5 exd5 22.exd5 Qf6
23.Ne5 Qd6 24.Qxh6+ Kg8 25.Ng4 Nc6 26.Qg5 Kg7 27.Qh6+ Kg8 28.Qg5 Kg7 29.Re1 Nd4
30.Bd7 Rh8 31.Be6 fxe6 32.Qf6+ Kg8 33.Qxg6+ Kf8 34.Qf6+ Kg8 35.Qg6+ Kf8 36.Qf6+ Kg8
37.Qxd4 Qd8 38.Rxe6 Qxh4 39.Re8+  1-0